000 00471nam a2200181Ia 4500
005 20250326125926.0
008 250326s9999 xx 000 0 und d
037 _aTextbook
040 _aFMSL
_beng
_cFMSL
041 _aeng
_2eng
084 _aX:8 N0
_qFMSL
100 _aNEVNER
_9739910
245 0 _aMorden choice management
_cNEVNER
260 _aDelhi
_bDelhi, Tarapvevila
_c1970
300 _a775p
942 _cTB
_hX:8 N0
999 _c1280195
_d1280195